000 01136njm a22002897a 4500
005 20100917160954.0
006 a|||||r|||||00| 0
007 sd ammalaaahaa
008 100831t xxu||||| |||| 00| 0 eng d
028 _aHFLP 3534
_bHis Master's Voice
035 _aGR-05140
040 _aSED
_cSED
100 _aKishor Kumar
_917690
245 _aPrem pujari /
_cby Kishor Kumar; music S.D Burmann ; lyrics Neeraj
_h[Sound Recording] :
246 _aप्रेम पुजारी/ किशोर कुमार द्वारा
260 _aDum Dum India
_bHis Master's Voice
_c1982
300 _a1 sound disc (Gramophone Recording)
_banalog 33 1/3 rpm
_c12 in. (LP)
_fGramophone Record
500 _aBrief Record
500 _aRecord label:His Master's Voice;Red
505 _aSide-Phoolo ke rang se (Kishor kumar) -- Side-2 Prem ke pujari (S.D Burman)
600 _aKapoor, Mahendra
_920600
650 _aFilm songs
_xExcerpts
_zIndia
_917691
700 _aBurman, S.D
_920848
700 _aNeeraj
_920849
942 _2ddc
_cGR
999 _c47119
_d47119